000 00307nam a2200109Ia 4500
008 200302s9999 xx 000 0 und d
100 _aAdam Sharr
245 _aReading Architecture and Culture Researching Building Spaces and Documents
260 _bTaylor &Francis Group
260 _c2012
300 _a251 P.,
999 _c3261
_d3261